| 000 | 00981nas a2200253Ia 4500 | ||
|---|---|---|---|
| 001 | R138/B2842 | ||
| 003 | IT-RoPAU | ||
| 008 | 151124c99999999xx |||||||||||| ||und|| | ||
| 040 | _aIT-RoPAU | ||
| 040 | _cIT-RoPAU | ||
| 041 | _aITALIANO | ||
| 100 |
_aCamera Mirella _gCodice Aut. SPICS: 31198 |
||
| 210 | _aFAMIGLIA OGGI | ||
| 222 | _aFamiglia Oggi | ||
| 245 |
_aFAMIGLIA OGGI, ANNO 16-N.01 (GENNAIO 1993) _bSiamo Tutti Pitagorici |
||
| 250 | _a1a ed. | ||
| 260 |
_aMILANO _bST PAULS INTERNATIONAL _c1993 |
||
| 501 |
_bPaulus - SPICS - Società San Paolo EM (non-commercial uses only) _cCopyright2015 |
||
| 300 | _a2 p. [63-64] | ||
| 362 | _aANNO 016, N.01 (GENNAIO 1993) | ||
| 500 | _aGiornali e Televisioni Usano Sempre più Indagini, Sondaggi e Numeri che Dovrebbero Darci Un'Idea della Realtà e che Invece la Deformano. Le Cifre Infatti Possono Ostacolare le Valutazioni Qualitative. | ||
| 650 |
_aCOMUNICAZIONE - FAMIGLIA _vPUBBLICAZIONE PERIODICA |
||
| 942 | _cCR | ||
| 999 |
_c136256 _d136256 |
||